00749nam a2200193 i 4500001000300000100002000003245015800023260003300181300002700214650002300241650003400264710006000298020001500358040000800373041000700381080002800388008004100416856009800457bg1 aPACHO, Wojciech10aPodatki bezpośrednie a tempo zmian wartości kapitału przedsiębiorstwa /cWojciech Pacho ; Wyższa Szkoła Handlu i Finansów Międzynarodowych. aWarszawa :b"Elipsa",c2000. a65 s. :bil. ;c24 cm. 9aPodatek a kapitał 9aPrzedsiębiorstwoxekonomika 0aWyższa Szkoła Handlu i Finansów Międzynarodowych a8371513534 cBPK0 apl a658.14/.17:330.1:336.22 s pl f |000 0 pol  uhttp://koha.tu.koszalin.pl/cgi-bin/koha/opac-detail.pl?biblionumber=40962yKatalog online BPK